Nielen potenciálne nebezpečenstvo

Bibliographic Details
Main Authors: Žilková, Marta, 1942- (Author), Vášová, Alta, 1939- (Author)
Format: Article
Language:Slovak
Subjects:

MARC

LEADER 00000nab a2200000 a 4500
001 vtls000213449
003 SK-MaSNL
005 20260303191145.0
008 160215c1985 xo 0 slo
015 |a SNBRB19rr/mm-uuuuu 
035 |a CL0223563 
040 |a SNKBUCL  |b slo  |c SNKBUCL  |e AACR2 
041 0 |a slo 
044 |a xo  |c SK 
080 |a 82.09:885.4-3(087.5)(048)  |2 1981 
080 |a 885.4-3(087.5)(048)  |2 1981 
100 1 |a Žilková, Marta,  |d 1942-  |4 aut  |9 88073 
245 1 0 |a Nielen potenciálne nebezpečenstvo  |c Marta Žilková ; Alta Vášová 
650 0 7 |a romány vedecko-fantastické  |2 snkbucl  |9 920404 
655 7 |a články z novín a časopisov  |2 snkbucl  |9 267496 
655 7 |a články z odboru literárna veda a krásna literatúra  |2 snkbucl  |9 770045 
700 1 |a Vášová, Alta,  |d 1939-  |4 aut  |9 6275 
773 0 |t Pravda  |g Roč. 66, č. 86 (12. 4. 1985), s. 5 
787 0 8 |i Rec.:  |a Vášová, alta  |t Sedem a pol stupňa Celzia  |d Bratislava : Mladé letá, 1984 
850 |a Slovenská národná knižnica v Martine  |a MTA001 
852 |a SNK  |b KIS3GCP 
958 |a BX 
958 |a RK 
958 |a LX 
992 |a RBX 
999 |c 2139648  |d 2141578